书目信息 |
| 题名: |
排列组合二项式定理
|
|
| 作者: | 谷世菁 著 | |
| 分册: | ||
| 出版信息: | 石家庄 河北人民出版社 1979 |
|
| 页数: | 93页 | |
| 开本: | 19cm | |
| 丛书名: | ||
| 单 册: | ||
| 中图分类: | O122.4 | |
| 科图分类: | ||
| 主题词: | 排列 , 组合 , 二项式定理 | |
| 电子资源: | ||
| ISBN: | ||
| 000 | 00624nam0 2200241 45 | |
| 001 | 0179002524 | |
| 005 | 20060725152054.57 | |
| 010 | @dCNY0.23 | |
| 091 | @a7086.966 | |
| 100 | @a19950725d1979 em y0chiy0121 ea | |
| 101 | 0 | @achi |
| 102 | @aCN@b130000 | |
| 105 | @ay z 000yy | |
| 200 | 10 | @a排列组合二项式定理@Apai lie zu he er xiang shi ding li@f谷世菁著@Fgu shi jing zhu |
| 210 | @a石家庄@c河北人民出版社@d1979 | |
| 215 | @a93页@d19cm | |
| 606 | @a排列 | |
| 606 | @a组合 | |
| 606 | @a二项式定理 | |
| 690 | @aO122.4@v3 | |
| 701 | 0 | @a谷世菁@Agu shi jing@4著 |
| 801 | 0 | @aCN@bNLC@c20060725 |
| 905 | @dO122.4@e65 | |
| 排列组合二项式定理/谷世菁著.-石家庄:河北人民出版社,1979 |
| 93页;19cm |
| ISBN :CNY0.23 |
| ● |
| 相关链接 |
|
|
|
|
正题名:排列组合二项式定理
索取号:O122.4/65
 
预约/预借
| 序号 | 登录号 | 条形码 | 馆藏地/架位号 | 状态 | 备注 |
| 1 | 0008035 | 202311774 | 密集书库/ [索取号:O122.4/65] | 在馆 | |
| 2 | 0008036 | 202318143 | 密集书库/ [索取号:O122.4/65] | 在馆 | |
| 3 | 0008038 | 202311612 | 密集书库/ [索取号:O122.4/65] | 在馆 | |
| 4 | 0008040 | 001243933 | 第三借阅区/ [索取号:O122.4/65] | 在馆 | |
| 5 | 0008043 | 202318152 | 密集书库/ [索取号:O122.4/65] | 在馆 | |
| 6 | 0008045 | 202318134 | 密集书库/ [索取号:O122.4/65] | 在馆 | |
| 7 | 0008050 | 202092920 | 第二样本阅览室/ [索取号:O122.4/65] | 在馆 | |
| 8 | 0008051 | 001243988 | 第三借阅区/ [索取号:O122.4/65] | 在馆 | |
| 9 | 0008054 | 202311845 | 密集书库/ [索取号:O122.4/65] | 在馆 | |
| 10 | 0008056 | 202311765 | 密集书库/ [索取号:O122.4/65] | 在馆 | |
| 11 | 0008058 | 202311729 | 密集书库/ [索取号:O122.4/65] | 在馆 | |
| 12 | 0008063 | 202311809 | 密集书库/ [索取号:O122.4/65] | 在馆 | |
| 13 | 0008065 | 001244031 | 第三借阅区/ [索取号:O122.4/65] | 在馆 | |
| 14 | 0008067 | 202311685 | 密集书库/ [索取号:O122.4/65] | 在馆 | |
| 15 | 0008069 | 001243979 | 第三借阅区/ [索取号:O122.4/65] | 在馆 | |
| 16 | 0008072 | 202311603 | 密集书库/ [索取号:O122.4/65] | 在馆 | |
| 17 | 0008073 | 202311658 | 密集书库/ [索取号:O122.4/65] | 在馆 | |
| 18 | 0008075 | 202311649 | 密集书库/ [索取号:O122.4/65] | 在馆 | |
| 19 | 0008076 | 001243951 | 第三借阅区/ [索取号:O122.4/65] | 在馆 | |
| 20 | 0008077 | 202311694 | 密集书库/ [索取号:O122.4/65] | 在馆 | |
| 21 | 0008080 | 202318116 | 密集书库/ [索取号:O122.4/65] | 在馆 | |
| 22 | 0008081 | 202311738 | 密集书库/ [索取号:O122.4/65] | 在馆 | |
| 23 | 0008083 | 202311818 | 密集书库/ [索取号:O122.4/65] | 在馆 | |
| 24 | 0420336 | 204203361 | 密集书库/ [索取号:O122.4/65] | 在馆 | |
| 25 | 0429491 | 204294913 | 密集书库/ [索取号:O122.4/65] | 在馆 | |
| 26 | 0431528 | 204315286 | 密集书库/ [索取号:O122.4/65] | 在馆 | |
| 27 | 0431529 | 204315295 | 密集书库/ [索取号:O122.4/65] | 在馆 | |
| 28 | 0431530 | 204315302 | 密集书库/ [索取号:O122.4/65] | 在馆 |